La hipertensión arterial en los caos de fibroma del útero / (Record no. 74881)

MARC details
000 -LEADER
campo de control de longitud fija 00587nam a2200181 i 4500
001 - NÚMERO DE CONTROL
campo de control 74881
003 - IDENTIFICADOR DE NÚMERO DE CONTROL
campo de control ES-MaACL
005 - FECHA Y HORA DE LA ÚLTIMA TRANSACCIÓN
campo de control 20230906172257.0
007 - CAMPO FIJO DE DESCRIPCIÓN FÍSICA--INFORMACIÓN GENERAL
campo de control de longitud fija t|
008 - DATOS DE LONGITUD FIJA--INFORMACIÓN GENERAL
campo de control de longitud fija 040921s1940 cu ||||1| spa d
100 1# - ENTRADA PRINCIPAL--NOMBRE DE PERSONA
Nombre de persona Govea Peña, J.
9 (RLIN) 59381
245 13 - MENCIÓN DEL TÍTULO
Título La hipertensión arterial en los caos de fibroma del útero /
Mención de responsabilidad, etc. por J. Govea Peña y J. Pujol.
260 ## - PUBLICACIÓN, DISTRIBUCIÓN, ETC.
Lugar de publicación, distribución, etc. La Habana :
Nombre del editor, distribuidor, etc. [s.n.,
Fecha de publicación, distribución, etc. 1940]
300 ## - DESCRIPCIÓN FÍSICA
Extensión 4 h. ;
Dimensiones 27 cm.
500 ## - NOTA GENERAL
Nota general Es Separata de: Crónica Médico Quirúrjica de La Habana, nº 3 de 1940.
700 1# - ENTRADA AGREGADA--NOMBRE PERSONAL
Nombre de persona Pujol, J.
9 (RLIN) 94336
852 ## - LOCALIZACIÓN
Ubicación ES-MaACL
Número de control de estantería 1846-F-15
Sublocalización o colección R.20396
Holdings
Estatus retirado Estado de pérdida Estado de daño No para préstamo Colección Biblioteca de origen Biblioteca actual Ubicación en estantería Fecha de adquisición Fuente de adquisición Total de préstamos Signatura topográfica completa Código de barras Visto por última vez Precio de reemplazo Tipo de ítem Koha
        Colección de folletos Biblioteca del Ateneo de Madrid Biblioteca del Ateneo de Madrid Depósito folletos 17/01/2008     1846-F-15 1078380 23/02/2023 23/02/2023 Folleto